[Event "European School-ch 2019"]
[Site "Mamaia"]
[Date "2019.06.03"]
[Round "4.5"]
[White "Celik, Eylul"]
[Black "Paraschiv, Petronela-Alexandra"]
[Result "1/2-1/2"]
[WhiteElo "1841"]
[BlackElo "1792"]
[Annotator "NA RC"]
[PlyCount "108"]
[EventDate "2019.05.31"]
[EventType "swiss"]
[EventCountry "ROU"]
[SourceTitle "playchess.com"]
[Source "ChessBase"]
[SourceQuality "1"]
[TimeControl "40/5400+30:1800+30"]

1. d4 {[%emt 0:00:00]} Nf6 {[%emt 0:00:00]} 2. c4 {[%emt 0:00:00]} e6 {[%emt 0:00:00]} 3. Bg5 {[%emt 0:00:00]} h6 {[%emt 0:00:00]} 4. Bxf6 {[%emt 0:00:04]} Qxf6 {[%emt 0:00:00]} 5. e3 {[%emt 0:00:02]} c5 {[%emt 0:00:10]} 6. Nf3 {[%emt 0:01:03] E00: Catalan Bogo-Indian (3 g3 Bb4+)} cxd4 7. exd4 {[%emt 0:00:45]} Bb4+ {[%emt 0:01:31]} 8. Nbd2 {[%emt 0:03:18]} O-O {[%emt 0:00:43]} 9. a3 {[%emt 0:05:03]} Ba5 {[%emt 0:01:39]} 10. b4 $146 {[%emt 0:01:33]} ({Predecessor:} 10. Bd3 d5 11. O-O Nc6 12. c5 Bc7 13. Qa4 e5 14. Bb5 e4 15. Bxc6 exf3 16. Bxd5 fxg2 17. Bxg2 Qf4 18. Rfd1 Qxh2+ 19. Kf1 Bh3 {0-1 (19) Lovass,I-Forintos,G (2450) Kecskemet 1983}) 10... Bc7 {[%emt 0:00:24]} 11. Be2 {[%emt 0:04:12]} Nc6 {[%emt 0:01:15]} 12. Nb3 {[%emt 0:01:55]} d6 {[%emt 0:02:37]} (12... a5 $15) 13. O-O {[%emt 0:00:55]} Bd7 {[%emt 0:00:35]} 14. Qd2 {[%emt 0:03:11]} Ne7 {[%emt 0:01:57]} 15. Rac1 {[%emt 0:06:41]} g5 {[%emt 0:05:25]} 16. d5 {[%emt 0:03:30]} e5 {[%emt 0:01:11]} 17. c5 {[%emt 0:02:28]} e4 {[%emt 0:03:54]} 18. Ne1 {[%emt 0:00:31]} Qe5 {[%emt 0:01:09]} 19. Rd1 {[%emt 0:04:29]} Nf5 {[%emt 0:04:40]} 20. g3 {[%emt 0:07:57]} Rae8 {[%emt 0:14:43]} 21. Ng2 {[%emt 0:06:18]} e3 {[%emt 0:05:24]} 22. Qd3 {[%emt 0:06:23]} exf2+ {[%emt 0:01:37]} 23. Rxf2 {[%emt 0:00:09]} Ne3 {[%emt 0:02:55]} 24. Nxe3 {[%emt 0:01:56]} Qxe3 {[%emt 0:00:07]} 25. Nd4 {[%emt 0:01:30]} Qxd3 {[%emt 0:06:51]} 26. Bxd3 {[%emt 0:03:26]} Re5 {[%emt 0:02:14]} 27. Bf5 {[%emt 0:10:57]} Ba4 {[%emt 0:01:58]} 28. Bc2 {[%emt 0:01:26]} Bd7 {[%emt 0:00:52]} 29. Bb3 {[%emt 0:12:31]} Rfe8 {[%emt 0:02:01]} 30. Kg2 {[%emt 0:05:14]} Re3 {[%emt 0:01:56]} 31. Rf6 {[%emt 0:03:06]} dxc5 {[%emt 0:11:31]} 32. bxc5 {[%emt 0:03:23]} Be5 {[%emt 0:00:53]} 33. Rf3 {[%emt 0:01:37]} Bxd4 {[%emt 0:01:56]} 34. Rxd4 {[%emt 0:00:19]} Bh3+ {[%emt 0:00:47]} 35. Kxh3 {[%emt 0:00:13]} Rxf3 {[%emt 0:00:04]} 36. Rb4 {[%emt 0:00:46]} Rc3 {[%emt 0:05:43]} 37. Rxb7 {[%emt 0:00:43]} Rxc5 {[%emt 0:00:14]} 38. d6 {[%emt 0:00:29]} Rf5 {[%emt 0:01:40]} 39. Rxa7 {[%emt 0:00:52]} Rd8 {[%emt 0:00:22]} 40. d7 {[%emt 0:00:22]} Kf8 {[%emt 0:00:29]} 41. Kg4 {[%emt 0:30:29]} Rf6 {[%emt 0:30:41]} 42. Ba4 {[%emt 0:00:00]} Rb6 {[%emt 0:00:00]} 43. Bc2 {[%emt 0:00:00]} (43. Rc7 $11) 43... Rb2 {[%emt 0:00:00]} 44. Bf5 {[%emt 0:00:00]} (44. Rc7 $17 {might work better.}) 44... Rxh2 {[%emt 0:00:00]} 45. a4 {[%emt 0:00:00]} Rd2 {[%emt 0:00:00]} 46. a5 {[%emt 0:00:00]} Rd6 {[%emt 0:00:00]} 47. Kh5 {[%emt 0:00:00]} Ke7 {[%emt 0:00:00]} 48. Rc7 {[%emt 0:00:00]} Rd5 {[%emt 0:00:00]} 49. Bg4 {[%emt 0:00:00]} Rxa5 {[%emt 0:00:00]} 50. Kxh6 {[%emt 0:00:00]} f5 {[%emt 0:00:00]} 51. Bh5 {[%emt 0:00:00]} g4 {[%emt 0:00:00]} 52. Be8 {[%emt 0:00:00]} Ra3 $11 {[%emt 0:00:00]} (52... f4 $5 53. gxf4 g3 $17) 53. Kg6 {[%emt 0:00:00]} Rf3 {[%emt 0:00:00]} 54. Kg5 {[%emt 0:00:00]} Rf1 {[%emt 0:04:05]} 1/2-1/2

[Event "European School-ch 2019"]
[Site "Mamaia"]
[Date "2019.06.03"]
[Round "4.6"]
[White "Bulau, Andrei-Cristian"]
[Black "Mocanu, Valeria"]
[Result "1-0"]
[WhiteElo "2244"]
[BlackElo "1760"]
[Annotator "ChessBase"]
[PlyCount "139"]
[EventDate "2019.05.31"]
[EventType "swiss"]
[EventCountry "ROU"]
[SourceTitle "playchess.com"]
[Source "ChessBase"]
[SourceQuality "1"]
[TimeControl "40/5400+30:1800+30"]

1. d4 {[%emt 0:00:00]} d5 {[%emt 0:00:00]} 2. c4 {[%emt 0:00:00]} e6 {[%emt 0:00:00]} 3. Nc3 {[%emt 0:00:00]} Nf6 {[%emt 0:00:00]} 4. cxd5 {[%emt 0:00:00]} exd5 {[%emt 0:00:00]} 5. Bg5 {[%emt 0:00:00]} c6 {[%emt 0:00:19]} 6. e3 {[%emt 0:00:00]} Be7 {[%emt 0:00:08]} 7. Bd3 {[%emt 0:00:00]} Ne4 {[%emt 0:02:21]} 8. Bxe7 {[%emt 0:02:07]} Qxe7 {[%emt 0:00:08]} 9. Nge2 {[%emt 0:00:24]} Bf5 {[%emt 0:02:04]} 10. O-O {[%emt 0:02:31]} Nxc3 {[%emt 0:00:13]} 11. bxc3 {[%emt 0:00:11]} Bxd3 12. Qxd3 {[%emt 0:00:04]} Nd7 {[%emt 0:02:03]} 13. c4 {[%emt 0:00:52]} dxc4 {[%emt 0:25:25]} 14. Qxc4 {[%emt 0:00:09]} O-O {[%emt 0:00:10]} 15. Qb3 {[%emt 0:01:36]} Nf6 {[%emt 0:00:28]} 16. Nf4 {[%emt 0:00:29]} b6 {[%emt 0:07:44]} 17. Rfc1 {[%emt 0:01:43]} Rfc8 {[%emt 0:01:13]} 18. Rc2 {[%emt 0:00:16]} Rc7 {[%emt 0:00:51]} 19. Rac1 {[%emt 0:00:22]} Rac8 {[%emt 0:00:08]} 20. Nd3 {[%emt 0:03:10]} h6 {[%emt 0:14:37]} 21. Qb4 {[%emt 0:16:28]} Qe6 {[%emt 0:13:16]} 22. h3 {[%emt 0:02:16]} Nd7 {[%emt 0:10:48]} 23. Nf4 {[%emt 0:01:30]} Qe4 {[%emt 0:01:52]} 24. Qd6 {[%emt 0:02:36]} Nf6 {[%emt 0:00:53]} 25. Rc4 {[%emt 0:06:47]} Qe8 {[%emt 0:08:37]} 26. a4 {[%emt 0:02:57]} c5 {[%emt 0:03:40]} 27. Ne2 {[%emt 0:00:58]} Ne4 {[%emt 0:01:07]} 28. Qf4 {[%emt 0:00:56]} Nd2 {[%emt 0:01:15]} 29. R4c2 {[%emt 0:00:50]} Nb3 {[%emt 0:00:27]} 30. Rb1 {[%emt 0:00:11]} Qxa4 {[%emt 0:03:44]} 31. Nc3 {[%emt 0:00:19]} Qc4 {[%emt 0:00:54]} 32. Rbb2 {[%emt 0:01:00]} cxd4 {[%emt 0:00:55]} 33. Nd5 {[%emt 0:03:11]} Qxc2 {[%emt 0:00:21]} 34. Rxc2 {[%emt 0:00:04]} Rxc2 {[%emt 0:00:04]} 35. Ne7+ {[%emt 0:00:03]} Kf8 {[%emt 0:01:10]} 36. Nxc8 Rxc8 {[%emt 0:00:04]} 37. exd4 {[%emt 0:00:38]} Rd8 {[%emt 0:00:50]} 38. Qc7 {[%emt 0:00:36]} Rxd4 {[%emt 0:00:22]} 39. Qxa7 {[%emt 0:00:12]} Rd6 {[%emt 0:00:34]} 40. Qc7 {[%emt 0:00:00]} Re6 {[%emt 0:00:00]} 41. Qd8+ {[%emt 0:03:29]} Re8 {[%emt 0:00:41]} 42. Qxb6 {[%emt 0:00:04]} Na1 {[%emt 0:01:49]} 43. Qa5 {[%emt 0:01:14]} Nc2 {[%emt 0:02:37]} 44. Qc5+ {[%emt 0:00:07]} Kg8 {[%emt 0:00:09]} 45. Qxc2 {[%emt 0:00:04]} g6 {[%emt 0:02:48]} 46. Kh2 {[%emt 0:00:18]} Kg7 {[%emt 0:00:21]} 47. Qc3+ {[%emt 0:00:14]} Kh7 {[%emt 0:01:18]} 48. g4 {[%emt 0:00:10]} Re6 {[%emt 0:01:30]} 49. Kg3 {[%emt 0:00:12]} g5 {[%emt 0:00:29]} 50. h4 {[%emt 0:00:29]} Kg6 {[%emt 0:09:05]} 51. Qf3 {[%emt 0:00:53]} gxh4+ {[%emt 0:05:04]} 52. Kxh4 {[%emt 0:00:04]} Kg7 {[%emt 0:00:39]} 53. Qc3+ {[%emt 0:00:11]} Kh7 {[%emt 0:00:22]} 54. f4 {[%emt 0:00:05]} Rg6 {[%emt 0:00:29]} 55. f5 {[%emt 0:00:45]} Rg7 {[%emt 0:00:24]} 56. Qf6 {[%emt 0:00:26]} Kg8 {[%emt 0:00:17]} 57. Kh5 {[%emt 0:00:42]} Kh7 {[%emt 0:00:44]} 58. Qxh6+ {[%emt 0:00:40]} Kg8 {[%emt 0:00:05]} 59. Qd6 {[%emt 0:00:30]} Rh7+ {[%emt 0:01:26]} 60. Kg5 {[%emt 0:00:07]} Rg7+ {[%emt 0:00:06]} 61. Kf4 {[%emt 0:00:15]} Kh7 {[%emt 0:01:33]} 62. Qf8 {[%emt 0:00:27]} f6 {[%emt 0:00:57]} 63. Qxf6 {[%emt 0:00:13]} Rg8 {[%emt 0:00:26]} 64. g5 {[%emt 0:00:09]} Rf8 {[%emt 0:00:11]} 65. Qh6+ {[%emt 0:00:08]} Kg8 {[%emt 0:00:05]} 66. f6 {[%emt 0:00:18]} Rf7 {[%emt 0:00:05]} 67. Kf5 {[%emt 0:00:09]} Rc7 {[%emt 0:01:47]} 68. Qh2 {[%emt 0:00:33]} Rf7 {[%emt 0:01:25]} 69. g6 {[%emt 0:00:13]} Rb7 {[%emt 0:00:10]} 70. Qa2+ {[%emt 0:00:08]} 1-0

[Event "European School-ch 2019"]
[Site "Mamaia"]
[Date "2019.06.03"]
[Round "4.7"]
[White "Ognean, Mihnea-Ionut"]
[Black "Ceres, Dragos"]
[Result "1/2-1/2"]
[WhiteElo "2260"]
[BlackElo "2291"]
[Annotator "ChessBase"]
[PlyCount "110"]
[EventDate "2019.05.31"]
[EventType "swiss"]
[EventCountry "ROU"]
[SourceTitle "playchess.com"]
[Source "ChessBase"]
[SourceQuality "1"]
[TimeControl "40/5400+30:1800+30"]

1. d4 {[%emt 0:00:00]} Nf6 {[%emt 0:00:00]} 2. c4 {[%emt 0:00:00]} e6 {[%emt 0:00:00]} 3. Nc3 {[%emt 0:00:00]} Bb4 {[%emt 0:00:00]} 4. f3 {[%emt 0:00:00]} c5 {[%emt 0:00:04]} 5. d5 {[%emt 0:00:00]} b5 {[%emt 0:00:05]} 6. e4 {[%emt 0:00:00]} O-O {[%emt 0:00:13]} 7. e5 {[%emt 0:00:09]} Ne8 {[%emt 0:00:05]} 8. f4 {[%emt 0:00:05]} exd5 {[%emt 0:00:13]} 9. cxd5 {[%emt 0:00:04]} d6 {[%emt 0:00:07]} 10. Nf3 {[%emt 0:00:11]} c4 {[%emt 0:00:05]} 11. a4 {[%emt 0:06:43]} Bg4 {[%emt 0:00:06]} 12. Be2 {[%emt 0:02:17]} Nc7 {[%emt 0:01:16]} 13. axb5 {[%emt 0:12:05]} dxe5 {[%emt 0:00:31]} 14. b6 {[%emt 0:02:19]} axb6 {[%emt 0:02:48]} 15. Rxa8 {[%emt 0:00:04]} Nxa8 {[%emt 0:00:05]} 16. fxe5 {[%emt 0:00:35]} Nc7 {[%emt 0:04:00]} 17. d6 {[%emt 0:03:20]} Ne6 {[%emt 0:00:18]} 18. O-O {[%emt 0:01:57]} Nd7 {[%emt 0:05:39]} 19. Qd5 {[%emt 0:07:21]} Qc8 {[%emt 0:18:50]} 20. Kh1 {[%emt 0:08:57]} Bxc3 {[%emt 0:01:36]} 21. bxc3 {[%emt 0:00:09]} Qc5 {[%emt 0:00:40]} 22. Qxc5 {[%emt 0:05:05]} Nexc5 {[%emt 0:01:06]} 23. Bxc4 {[%emt 0:13:16]} Bxf3 {[%emt 0:03:04]} 24. gxf3 {[%emt 0:00:11]} Nxe5 {[%emt 0:00:04]} 25. Be2 {[%emt 0:02:51]} Rd8 {[%emt 0:06:04]} 26. Rd1 {[%emt 0:00:14]} f6 {[%emt 0:00:25]} 27. Kg2 {[%emt 0:02:06]} g5 {[%emt 0:03:10]} 28. h4 {[%emt 0:09:18]} h6 {[%emt 0:00:10]} 29. f4 {[%emt 0:01:11]} gxf4 {[%emt 0:01:30]} 30. Bxf4 {[%emt 0:00:05]} Ne4 {[%emt 0:00:14]} 31. Bf3 {[%emt 0:20:05]} Rxd6 {[%emt 0:09:25]} 32. Rd4 {[%emt 0:01:13]} Rxd4 {[%emt 0:03:30]} 33. cxd4 {[%emt 0:00:04]} Ng6 {[%emt 0:00:12]} 34. Bxe4 {[%emt 0:00:23]} Nxf4+ {[%emt 0:00:05]} 35. Kf3 {[%emt 0:00:04]} Ne6 {[%emt 0:00:23]} 36. Bd5 {[%emt 0:04:42]} Kf7 {[%emt 0:00:16]} 37. Ke4 {[%emt 0:00:04]} Ke7 {[%emt 0:00:15]} 38. Bc4 {[%emt 0:00:08]} Ng7 {[%emt 0:02:59]} 39. Bd3 {[%emt 0:01:25]} Ke6 {[%emt 0:01:28]} 40. Bc4+ {[%emt 0:00:00]} Kd6 {[%emt 0:00:00]} 41. Kf4 {[%emt 0:04:39]} Kc6 {[%emt 0:01:00]} 42. Ke4 {[%emt 0:00:36]} Kd6 {[%emt 0:02:37]} 43. Kf4 {[%emt 0:00:08]} Ke7 {[%emt 0:08:57]} 44. Ke4 {[%emt 0:00:21]} Ne8 {[%emt 0:02:22]} 45. Bd3 {[%emt 0:08:01]} Nd6+ {[%emt 0:01:23]} 46. Kd5 {[%emt 0:00:05]} Kd7 {[%emt 0:01:05]} 47. Bc2 {[%emt 0:00:23]} b5 {[%emt 0:01:05]} 48. Bd3 {[%emt 0:00:34]} f5 {[%emt 0:00:32]} 49. Ke5 {[%emt 0:01:30]} b4 {[%emt 0:01:04]} 50. Bc2 {[%emt 0:00:24]} Kc6 {[%emt 0:09:18]} 51. Ba4+ {[%emt 0:03:56]} Kc7 {[%emt 0:00:31]} 52. Bb3 {[%emt 0:00:05]} Kd7 {[%emt 0:00:25]} 53. Ba4+ {[%emt 0:01:14]} Ke7 {[%emt 0:00:06]} 54. Bb3 {[%emt 0:00:03]} Nb5 {[%emt 0:08:15]} 55. Bc4 {[%emt 0:00:56]} Nxd4 {[%emt 0:00:21]} 1/2-1/2

[Event "European School-ch 2019"]
[Site "Mamaia"]
[Date "2019.06.03"]
[Round "4.8"]
[White "Balan, Bogdan"]
[Black "Tinarlioglu, Emre"]
[Result "0-1"]
[WhiteElo "2027"]
[BlackElo "1907"]
[Annotator "NA RC"]
[PlyCount "150"]
[EventDate "2019.05.31"]
[EventType "swiss"]
[EventCountry "ROU"]
[SourceTitle "playchess.com"]
[Source "ChessBase"]
[SourceQuality "1"]
[TimeControl "40/5400+30:1800+30"]

1. d4 {[%emt 0:00:00]} Nf6 {[%emt 0:00:00]} 2. c4 {[%emt 0:00:00]} c5 {[%emt 0:00:00]} 3. d5 {[%emt 0:00:00]} e6 {[%emt 0:00:00]} 4. Nc3 {[%emt 0:00:00]} exd5 {[%emt 0:00:00]} 5. cxd5 {[%emt 0:00:04]} d6 {[%emt 0:00:00]} 6. Nf3 {[%emt 0:00:06]} g6 {[%emt 0:00:04]} 7. Bf4 {[%emt 0:00:07]} a6 {[%emt 0:00:09]} 8. a4 {[%emt 0:00:10]} Bg7 {[%emt 0:00:23]} 9. h3 {[%emt 0:00:06]} O-O {[%emt 0:00:12]} 10. e3 {[%emt 0:00:04]} Qe7 {[%emt 0:00:34] A61: Modern Benoni: Nf3 without early e4} 11. Be2 {[%emt 0:00:38]} Nbd7 {[%emt 0:00:14]} 12. O-O {[%emt 0:00:11]} Rb8 {[%emt 0:00:29]} 13. Nd2 {[%emt 0:07:58]} (13. Re1 Ne8 14. e4 Ne5 15. Nxe5 Bxe5 16. Qd2 Nf6 17. Bf1 Re8 18. Rad1 Bd4 19. b4 Nh5 20. Bh2 b6 21. b5 {½-½ (21) Ponomariov,R (2663)-Donchenko,A (2607) Germany 2019}) 13... Ne8 {[%emt 0:00:10]} 14. Qb3 {[%emt 0:01:46]} f5 {[%emt 0:08:48]} 15. Rfe1 {[%emt 0:03:43]} g5 {[%emt 0:06:59]} 16. Bh2 {[%emt 0:00:26]} Rf6 $146 {[%emt 0:00:06]} (16... b6 $14) ({Predecessor:} 16... Kh8 17. Nc4 f4 18. exf4 gxf4 {0-1 (41) Schiendorfer,E (2349)-Nigalidze,G (2472) Plovdiv 2012}) 17. Nc4 {[%emt 0:05:18]} Rh6 {[%emt 0:05:53]} 18. a5 {[%emt 0:01:40]} Ne5 {[%emt 0:03:55]} 19. Nxe5 {[%emt 0:04:35]} Bxe5 {[%emt 0:00:12]} 20. Bxe5 {[%emt 0:01:09]} Qxe5 {[%emt 0:00:20]} 21. Bxa6 {[%emt 0:08:56]} g4 {[%emt 0:04:02]} 22. Bf1 {[%emt 0:11:47]} gxh3 {[%emt 0:02:37]} 23. g3 {[%emt 0:02:16]} Nf6 {[%emt 0:02:20]} 24. a6 {[%emt 0:14:06]} Ng4 {[%emt 0:09:29]} 25. Re2 {[%emt 0:01:08]} Qe7 {[%emt 0:09:06]} 26. a7 {[%emt 0:02:54]} Ra8 {[%emt 0:00:01]} 27. Qc4 {[%emt 0:04:46]} Bd7 {[%emt 0:10:23]} 28. Qf4 {[%emt 0:05:51]} Kg7 {[%emt 0:06:08]} 29. b4 {[%emt 0:05:09]} cxb4 {[%emt 0:13:35]} 30. Qxb4 {[%emt 0:00:08]} Be8 {[%emt 0:00:02]} 31. Qd4+ {[%emt 0:06:47]} Kg8 {[%emt 0:02:32]} 32. f3 {[%emt 0:05:12]} Ne5 {[%emt 0:00:54]} 33. Rf2 {[%emt 0:03:51]} Qg7 {[%emt 0:00:24]} 34. Kh2 {[%emt 0:01:16]} Rg6 {[%emt 0:01:09]} 35. Bxh3 {[%emt 0:04:18]} Rxg3 {[%emt 0:02:09]} 36. Raf1 {[%emt 0:00:52]} Bh5 {[%emt 0:00:44]} 37. Qf4 {[%emt 0:00:40]} Nxf3+ {[%emt 0:02:04]} 38. Rxf3 {[%emt 0:00:08]} Rxf3 {[%emt 0:00:01]} 39. Rxf3 {[%emt 0:00:18]} Bxf3 {[%emt 0:00:02]} 40. Qxf3 {[%emt 0:00:00]} Qxc3 {[%emt 0:00:00]} 41. Qg3+ {[%emt 0:03:11]} Kf7 {[%emt 0:02:08]} 42. Qxd6 {[%emt 0:00:57]} Qc2+ {[%emt 0:09:30]} 43. Bg2 {[%emt 0:00:46]} Rxa7 {[%emt 0:05:21]} 44. Qe6+ {[%emt 0:02:08]} Kg7 {[%emt 0:01:11]} 45. Qe7+ {[%emt 0:01:38]} Kg6 {[%emt 0:00:31]} 46. Qe6+ {[%emt 0:00:56]} Kg7 {[%emt 0:00:11]} 47. Qe7+ {[%emt 0:04:39]} Kg6 {[%emt 0:00:13]} 48. Qe8+ {[%emt 0:00:34]} Kg7 {[%emt 0:00:10]} 49. Qd7+ {[%emt 0:00:43]} Kg6 {[%emt 0:01:21]} 50. Qd6+ {[%emt 0:03:27]} Kh5 {[%emt 0:07:42]} 51. Kg3 {[%emt 0:00:53]} Ra6 {[%emt 0:06:44]} 52. Bf3+ {[%emt 0:01:47]} Kg5 {[%emt 0:00:05]} 53. Qe7+ {[%emt 0:01:42]} Rf6 {[%emt 0:02:06]} 54. Qxh7 $11 {[%emt 0:01:22]} Rh6 {[%emt 0:01:48]} 55. Qg7+ {[%emt 0:01:05]} Rg6 {[%emt 0:00:49]} 56. Qe7+ {[%emt 0:06:36]} Kh6+ {[%emt 0:02:21]} 57. Kf4 {[%emt 0:01:29]} b5 {[%emt 0:01:32]} 58. Qf8+ {[%emt 0:00:40]} Kh7 {[%emt 0:02:15]} 59. Qf7+ {[%emt 0:02:28]} Kh6 {[%emt 0:00:39]} 60. Qf8+ {[%emt 0:02:25]} Kh7 {[%emt 0:00:05]} 61. Qxf5 {[%emt 0:01:59]} Qxf5+ {[%emt 0:00:47]} 62. Kxf5 {[%emt 0:00:04]} Rb6 {[%emt 0:00:04]} 63. Bd1 {[%emt 0:00:14]} Kg7 {[%emt 0:00:16]} 64. Bb3 {[%emt 0:00:09]} Kf8 {[%emt 0:00:09]} 65. e4 {[%emt 0:00:12]} Ke7 {[%emt 0:00:28]} 66. e5 {[%emt 0:00:06]} Ra6 {[%emt 0:00:48]} 67. Ke4 {[%emt 0:00:25]} Ra3 {[%emt 0:01:07]} 68. d6+ {[%emt 0:00:15]} Kd7 {[%emt 0:00:02]} 69. Bf7 {[%emt 0:02:05]} Ra1 {[%emt 0:00:05]} 70. Bh5 {[%emt 0:00:28]} b4 {[%emt 0:02:08]} 71. Kd5 Ra5+ 72. Kd4 b3 73. Bg4+ Kc6 74. Bf3+ Kd7 75. Bg4+ Kc6 0-1

[Event "European School-ch 2019"]
[Site "Mamaia"]
[Date "2019.06.03"]
[Round "4.9"]
[White "Neshev, Nikola"]
[Black "Dharmasena, Gavith"]
[Result "1-0"]
[WhiteElo "1370"]
[BlackElo "1560"]
[Annotator "NA"]
[PlyCount "57"]
[EventDate "2019.05.31"]
[EventType "swiss"]
[EventCountry "ROU"]
[SourceTitle "playchess.com"]
[Source "ChessBase"]
[SourceQuality "1"]
[TimeControl "40/5400+30:1800+30"]

1. e4 {[%emt 0:00:53]} e5 {[%emt 0:00:00]} 2. Nf3 {[%emt 0:00:12]} Nc6 {[%emt 0:00:00]} 3. Bc4 {[%emt 0:00:05]} Bc5 {[%emt 0:00:00]} 4. b4 {[%emt 0:00:05]} Bxb4 {[%emt 0:02:51]} 5. c3 {[%emt 0:00:06]} Ba5 {[%emt 0:02:23]} 6. d4 {[%emt 0:00:08]} exd4 {[%emt 0:00:08]} 7. O-O {[%emt 0:00:04]} d6 {[%emt 0:03:07]} 8. cxd4 {[%emt 0:00:19]} Nf6 {[%emt 0:00:37]} 9. Ba3 {[%emt 0:03:45]} O-O {[%emt 0:09:12]} 10. e5 {[%emt 0:00:05]} Ne4 {[%emt 0:00:33]} 11. Qd3 {[%emt 0:08:30]} Ng5 {[%emt 0:02:45]} 12. Nxg5 {[%emt 0:00:22]} Qxg5 {[%emt 0:00:11]} 13. f4 {[%emt 0:01:00]} Qg6 {[%emt 0:02:27]} 14. f5 {[%emt 0:00:13]} Qg4 {[%emt 0:00:14]} 15. Bb2 {[%emt 0:43:27]} dxe5 {[%emt 0:04:02]} 16. dxe5 {[%emt 0:00:54]} Bb6+ {[%emt 0:00:13]} 17. Kh1 {[%emt 0:00:17]} Rd8 {[%emt 0:00:08]} 18. Bxf7+ {[%emt 0:05:43]} Kxf7 {[%emt 0:03:52]} 19. Qb3+ {[%emt 0:00:08]} Ke8 {[%emt 0:00:53]} 20. Qg8+ {[%emt 0:00:32]} Ke7 {[%emt 0:01:09]} 21. Ba3+ {[%emt 0:00:44]} Nb4 {[%emt 0:00:30]} 22. Bxb4+ {[%emt 0:00:30]} Qxb4 {[%emt 0:00:30]} 23. Qxg7+ {[%emt 0:00:30]} Ke8 {[%emt 0:00:30]} 24. f6 {[%emt 0:03:21]} Qf8 {[%emt 0:03:48]} 25. f7+ {[%emt 0:00:15]} Kd7 {[%emt 0:01:00]} 26. Rd1+ {[%emt 0:01:28]} Kc6 {[%emt 0:00:48]} 27. Qf6+ {[%emt 0:00:05]} Rd6 {[%emt 0:00:37]} 28. exd6 {[%emt 0:00:22]} cxd6 29. Qxd6+ {[%emt 0:00:41] Kd5} 1-0

[Event "European School-ch 2019"]
[Site "Mamaia"]
[Date "2019.06.03"]
[Round "4.10"]
[White "Ochedzan, Tymon"]
[Black "Kasaeva, Sofiia"]
[Result "1/2-1/2"]
[WhiteElo "2064"]
[BlackElo "1890"]
[Annotator "NA"]
[PlyCount "62"]
[EventDate "2019.05.31"]
[EventType "swiss"]
[EventCountry "ROU"]
[SourceTitle "playchess.com"]
[Source "ChessBase"]
[SourceQuality "1"]
[TimeControl "40/5400+30:1800+30"]

1. e4 {[%emt 0:00:00]} e5 {[%emt 0:00:00]} 2. Nf3 {[%emt 0:00:00]} Nc6 {[%emt 0:00:00]} 3. Bb5 {[%emt 0:00:00]} a6 {[%emt 0:00:00]} 4. Ba4 {[%emt 0:00:00]} Nf6 {[%emt 0:00:02]} 5. O-O {[%emt 0:00:48]} Be7 {[%emt 0:00:34]} 6. Re1 {[%emt 0:00:32]} b5 {[%emt 0:00:06]} 7. Bb3 {[%emt 0:00:11]} O-O {[%emt 0:00:23]} 8. c3 {[%emt 0:00:53]} d5 {[%emt 0:02:20]} 9. d4 {[%emt 0:01:02]} Nxe4 {[%emt 0:22:16]} 10. dxe5 {[%emt 0:02:04]} Be6 $11 {[%emt 0:02:28]} 11. Nd4 {[%emt 0:08:20]} Na5 {[%emt 0:08:20]} 12. Bc2 {[%emt 0:03:25]} c5 {[%emt 0:16:27]} 13. Nxe6 {[%emt 0:02:53]} fxe6 {[%emt 0:00:05]} 14. Bxe4 {[%emt 0:01:48]} dxe4 {[%emt 0:00:48]} 15. Qg4 {[%emt 0:04:46]} Qd5 {[%emt 0:01:55]} 16. Nd2 {[%emt 0:02:55]} Nc6 {[%emt 0:04:36]} 17. Qxe4 {[%emt 0:08:21]} Qxe4 {[%emt 0:01:37]} 18. Nxe4 {[%emt 0:19:35]} Nxe5 {[%emt 0:03:20]} 19. Bg5 {[%emt 0:13:16]} Bxg5 {[%emt 0:02:38]} 20. Nxg5 {[%emt 0:00:04]} Nd3 {[%emt 0:00:40]} 21. Nxe6 {[%emt 0:03:21]} Rf6 {[%emt 0:07:02]} 22. Re3 {[%emt 0:02:23]} c4 {[%emt 0:02:03]} 23. b3 {[%emt 0:05:39]} Nxf2 {[%emt 0:02:27]} 24. bxc4 {[%emt 0:02:25]} bxc4 {[%emt 0:00:27]} 25. Nc5 {[%emt 0:02:51]} Rd8 {[%emt 0:08:01]} 26. Rf1 {[%emt 0:07:16]} Rd2 {[%emt 0:12:38]} 27. Ne4 {[%emt 0:04:05]} Nxe4 {[%emt 0:00:17]} 28. Rxe4 {[%emt 0:00:04]} Rxf1+ {[%emt 0:00:18]} 29. Kxf1 {[%emt 0:00:04]} Rxa2 {[%emt 0:00:44]} 30. Rxc4 {[%emt 0:00:07]} Kf7 {[%emt 0:00:57]} 31. Rc6 {[%emt 0:01:13]} a5 {[%emt 0:00:55]} 1/2-1/2